Départements du Listenbourg - Statistiques

Statistiques générales
  • Ce quiz a été pris 26 fois
  • Le résultat moyen est 13 sur 35
Statistiques - réponses
Numéro Département % Correct
15 Franquette
78%
14 Carmenie
67%
29 Maarland
67%
17 Adriàs Norte
56%
18 Adriàs Sur
56%
20 Ardentia
56%
2 Geldland
56%
22 Auseburg
44%
26A Frinterland
44%
32 Kanalerde
44%
19 La Pequeña
44%
16 Portaière
44%
31 Talwortes
44%
27 Bachbland
33%
6 Centürland
33%
28A Fisherein
33%
7 Herkunftland
33%
27A Jesusarh
33%
25 Kleinland
33%
8 Langerde
33%
21 Llamas Costilla
33%
23 Mörnland
33%
26 Strander
33%
28 Virgolkust
33%
24 Wasserland
33%
13 Achlubluss
22%
10 Aschenbach
22%
1 Auberes Galizien
22%
4 Chrüterkraft
22%
12 Lichtenland
22%
5 Missbalder
22%
3 Oliveweibland
22%
11 Serishluss
22%
30 Centerflubland
11%
9 Siegesschulcht
11%
Aucun quiz correspondant
Distribution des résultats
% des personnes avec chaque résultat
Percentile par nombre de réponses
Votre historique - résultats
Vous n’avez pas pris ce quiz